مكتبة جامعة عجلون الوطنية

فهرس بحث المكتبة

Oxford Advanced Learner,s Dictionary of Current English (Record no. 1040)

MARC details
000 -LEADER
fixed length control field 00640nam a2200205Ii 4500
003 - CONTROL NUMBER IDENTIFIER
control field JO-AjNU
008 - FIXED-LENGTH DATA ELEMENTS--GENERAL INFORMATION
fixed length control field 230606s9999||||xx |||||||||||||| ||und||
020 ## - INTERNATIONAL STANDARD BOOK NUMBER
International Standard Book Number 978-0-19-479902-7
040 ## - CATALOGING SOURCE
Original cataloging agency JO-AjNU
Language of cataloging eng
Description conventions rda
Transcribing agency JO-AjNU
041 ## - LANGUAGE CODE
Language code of text/sound track or separate title eng
050 14 - LIBRARY OF CONGRESS CALL NUMBER
Classification number PE1625.H65 2010
100 3# - MAIN ENTRY--PERSONAL NAME
Personal name Hornby, A.S/Hornby, Albert Sydney,
Relator term author
9 (RLIN) 1978
245 00 - TITLE STATEMENT
Title Oxford Advanced Learner,s Dictionary of Current English
264 31 - PRODUCTION, PUBLICATION, DISTRIBUTION, MANUFACTURE, AND COPYRIGHT NOTICE
Place of production, publication, distribution, manufacture New York : Oxford<, 2010
300 ## - PHYSICAL DESCRIPTION
Extent 1796p
336 ## - CONTENT TYPE
Content type term text
Content type code txt
Source rdacontent
337 ## - MEDIA TYPE
Media type term unmediated
Media type code n
Source rdamedia
338 ## - CARRIER TYPE
Carrier type term volume
Carrier type code nc
Source rdacarrier
650 #4 - SUBJECT ADDED ENTRY--TOPICAL TERM
Topical term or geographic name entry element English language -- Dictionaries. 
9 (RLIN) 1979
Holdings
Withdrawn status Lost status Source of classification or shelving scheme Damaged status Not for loan Home library Current library Shelving location Date acquired Total Checkouts Full call number Barcode Date last seen Price effective from Koha item type
    Library of Congress Classification   Not For Loan مكتبة جامعة عجلون الوطنية مكتبة جامعة عجلون الوطنية المراجع 06/06/2023   PE1625.H65 2010 E1040 06/06/2023 06/06/2023 Reference